000 00983cam a2200217 a 4500
001 000019217
005 20200929165943.0
008 751103s1966 ve 010 0bspa d
040 _aDO-SdBNP
_cFU
_dDLC
_dBNPHU
082 _annnn
_bB446R
100 1 _aRosenblat, Ángel,
_928168
245 1 0 _aAndrés Bello a los cien anos de su muerte /
_cÁngel Rosenblat.
260 _aCaracas, :
_bUniversidad Central de Venezuela, Facultad de Humanidades y Educación,
_c1966.
300 _a46, [47-49] p. ;
_c19cm.
490 1 _aCuadernos del Instituto de Filologia "Andres Bello"
500 _a"Discurso pronunciado en la sesión inaugural del Congreso Inter-Americano de Linguística, Filologia y Enseñanza de Idiomas, celebrado en Montevideo en homenaje a Andrés Bello, del 4 al 12 de enero de 1966."
600 1 0 _aBello, Andrés,
_d1781-1865.
_922352
830 0 _aCuadernos del Instituto de Filologia "Andres Bello"
_941347
910 _aCatalogación derivada / LC
049 _aBNGR
999 _c18735
_d18735